| 000 | 00697nam a22002057a 4500 | ||
|---|---|---|---|
| 999 |
_c9457 _d9457 |
||
| 003 | AR-CdUCM | ||
| 008 | 190328b ||||| |||| 00| 0 spa d | ||
| 040 |
_aMUNICIPALIDAD PROVINCIAL DEL CUSCO _cBIBLIOTECA MUNICIPAL DEL CUSCO |
||
| 082 |
_a869.44 / _bG25 |
||
| 100 |
_aGarcía, Ambrosio _925660 |
||
| 245 | _aPoemas inactuáles / | ||
| 260 |
_aBolivia : _bUniverso, _c1956. |
||
| 300 |
_a89 paginas ; _c19 cm. |
||
| 500 | _aDonación familia Nieto. | ||
| 505 | _aContenido :Saudades -- Después de ayer -- La siembra nueva -- Canto a los poetas -- Palabras sin sentido ... | ||
| 650 |
_aLiteratura boliviana _94271 |
||
| 650 |
_aPoesía boliviana _92577 |
||
| 942 |
_2ddc _cLIBROS |
||
| 945 | _arum | ||